000 00587nam a2200169 i 4500
001 88307
003 ES-MaACL
005 20230906175833.0
007 t|
008 050104s1966 sp ||||1| spa d
100 1 _aLa Granja, Fernando de.
_969155
245 1 3 _aLa marca
_b: superior en la obra de Al-Udri /
_cFernando de La Granja.
260 _aZaragoza :
_bConsejo Superior de Investigaciones Científicas, Escuela de Estudios Medievales,
_c1966.
300 _a102 p. ;
_c25 cm.
710 2 _aEscuela de Estudios Medievales (España)
_9170983
852 _aES-MaACL
_jC-30903
_bR.61621
999 _c88307
_d88307